Ανθρωπογενείς δραστηριότητες και παράκτια ζώνη στην περιοχή της Λίνδου Ρόδου : εφαρμογή προγράμματος περιβαλλοντικής εκπαίδευσης στο νηπιαγωγείο και το δημοτικό : διπλωματική εργασία [μεταπτυχιακή εργασία]

Αποθηκεύτηκε σε:
Λεπτομέρειες βιβλιογραφικής εγγραφής
Κύριος συγγραφέας: Πολυταρίδη, Φλώρα
Συγγραφή απο Οργανισμό/Αρχή: Πανεπιστήμιο Αιγαίου Σχολή Ανθρωπιστικών Επιστημών Τμήμα Επιστημών της Προσχολικής Αγωγής και του Εκπαιδευτικού Σχεδιασμού Πρόγραμμα Μεταπτυχιακών Σπουδών Περιβαλλοντική Εκπαίδευση
Μορφή: Thesis Βιβλίο
Γλώσσα:Greek
Δημοσίευση: 2010.
Θέματα:
Διαθέσιμο Online:http://hdl.handle.net/11610/15740
Ετικέτες: Προσθήκη ετικέτας
Δεν υπάρχουν, Καταχωρήστε ετικέτα πρώτοι!

MARC

LEADER 00000cam a2200000 i 4500
001 1/14635
008 110811s2010 gr | ||| |||| ||gre||
035 |l 10110655 
040 |a GR-MyUa  |b gre  |e AACR2 
041 0 |a gre 
082 0 |a 333.9   |2 (22) 
100 1 |a Πολυταρίδη, Φλώρα. 
245 1 0 |a Ανθρωπογενείς δραστηριότητες και παράκτια ζώνη στην περιοχή της Λίνδου Ρόδου :  |b εφαρμογή προγράμματος περιβαλλοντικής εκπαίδευσης στο νηπιαγωγείο και το δημοτικό : διπλωματική εργασία [μεταπτυχιακή εργασία] /   |c Πολυταρίδη Φλώρα ; επιβλέπων : Κουτσούμπας Δρόσος.  
260 |c 2010.  
300 |a 180 σ. ;   |c 30 εκ. 
500 |a Μέλη εξεταστικής επιτροπής: Θεοδωροπούλου Έλενα, Ζαχαρίου Αραβέλλα.  
502 |a Διατριβή (μεταπτυχιακή) - Πανεπιστήμιο Αιγαίου, Ρόδος, 2010. 
504 |a Βιβλιογραφία: σ. 155-161.  
650 0 |a Environmental education  |x Activity programs  |z Greece  |z Rhodes (Island) 
650 0 |a Nature  |x Effect of human beings on  |z Greece  |z Lindhos. 
650 0 0 |a Human ecology. 
650 0 |a Coasts  |z Greece  |z Lindhos. 
650 0 |a Coastal zone management  |z Greece  |z Lindhos. 
650 0 |a Dissertations, Academic  |z Greece. 
700 1 |a Κουτσούμπας, Δρόσος,  |e dgs 
710 2 |a Πανεπιστήμιο Αιγαίου  |b Σχολή Ανθρωπιστικών Επιστημών  |b Τμήμα Επιστημών της Προσχολικής Αγωγής και του Εκπαιδευτικού Σχεδιασμού  |b Πρόγραμμα Μεταπτυχιακών Σπουδών Περιβαλλοντική Εκπαίδευση. 
852 |a INST  |b RHODES  |c DIATR  |e 20110811  |h 333.9 ΠΟΛ  |p 005400033360  |q 005400033360  |t MTXE  |y 23 
852 |a INST  |b RHODES  |c DIATR  |e 20110811  |h 333.9 ΠΟΛ  |p 005400033541  |q 005400033541  |t MTXE  |y 23 
856 |u http://hdl.handle.net/11610/15740 
901 |a BIBL4-2011-2 
924 |a ΠΟΛΥΤΑΡΙΔΗ  |b ΦΛΩΡΑ  |y Ρόδος  |z 2011-08 
970 |z 2010/05/